000 00578nam a2200241Ia 4500
003 0100
008 130307s9999 xx 000 0 und d
020 _a0155640704
040 _cARRUPELIB
050 _aBJ1012.M6352 1987
100 _aSher , George
245 _aMoral Philosophy
245 _bselected readings
260 _aNew york
260 _bHarcourt Brace Jovanovich , Publishers
260 _c1987
300 _avii
300 _b712p. 25cm.
650 _aETHICS
650 _btheology, doctrinal
700 _aFogelin , Robert J. (ed.)
942 0 0 _03
999 _c96111
_d96111